[Event "FRA-chT4 1011"]
[Site "Champagne Ardenne"]
[Date "2010.11.14"]
[Round "2"]
[White "Meunier, Samuel"]
[Black "Hacene, Ahmed"]
[Result "0-1"]
[WhiteElo "1953"]
[BlackElo "1782"]
[PlyCount "44"]
[EventDate "2010.10.10"]
[EventType "team-tourn"]
[EventRounds "7"]
[EventCountry "FRA"]
[SourceTitle "EXT 2024"]
[Source "ChessBase"]
[SourceDate "2023.10.10"]
[SourceVersion "1"]
[SourceVersionDate "2023.10.10"]
[SourceQuality "1"]

1. e4 e5 2. Nf3 Nc6 3. d4 exd4 4. Nxd4 Nf6 5. Nxc6 bxc6 6. e5 Ne4 7. Bc4 d5 8. exd6 Nxd6 9. Be2 Be7 10. 0-0 0-0 11. Nc3 Rb8 12. Rb1 Bf6 13. Be3 a6 14. Bd4 Nb5 15. Bxf6 Qxf6 16. Ne4 Qe7 17. Bd3 Be6 18. a3 Rfd8 19. Qe1 Nd4 20. Qc3 Bf5 21. Rfe1 Bxe4 22. Rxe4 Qxe4 0-1

[Event "La Fere op"]
[Site "La Fere"]
[Date "2010.07.05"]
[Round "4"]
[White "Meunier, Samuel"]
[Black "Dernoncourt, Christophe"]
[Result "1/2-1/2"]
[WhiteElo "1940"]
[BlackElo "1706"]
[PlyCount "54"]
[EventDate "2010.07.03"]
[EventType "swiss"]
[EventRounds "9"]
[EventCountry "FRA"]
[SourceTitle "CBM 137 Extra"]
[Source "ChessBase"]
[SourceDate "2010.09.01"]
[SourceVersion "1"]
[SourceVersionDate "2010.09.01"]
[SourceQuality "1"]

1. e4 e5 2. Nf3 Nc6 3. d4 exd4 4. Nxd4 Nge7 5. Bg5 h6 6. Bh4 g5 7. Bg3 Bg7 8. c3 a6 9. Bc4 d6 10. 0-0 Nxd4 11. cxd4 Nc6 12. e5 dxe5 13. Qh5 Qe7 14. Nc3 Na5 15. Bd3 Be6 16. d5 0-0-0 17. Qe2 Bxd5 18. Bxa6 Qc5 19. Nxd5 Rxd5 20. Bd3 Nc6 21. Rfc1 Qd6 22. Be4 Rc5 23. Bxc6 Qxc6 24. Rxc5 Qxc5 25. Qg4+ Kb8 26. Qd7 Rf8 27. h4 Qd6 1/2-1/2

[Event "Champagne-chT"]
[Site "Ardennes"]
[Date "2005.05.05"]
[Round "6"]
[White "Meunier, Samuel"]
[Black "Godard, Adrien"]
[Result "1/2-1/2"]
[WhiteElo "1990"]
[BlackElo "1760"]
[PlyCount "80"]
[EventDate "2005.05.05"]
[EventType "team-tourn"]
[EventRounds "8"]
[EventCountry "FRA"]
[SourceTitle "EXT 2007"]
[Source "ChessBase"]
[SourceDate "2006.11.23"]
[SourceVersion "1"]
[SourceVersionDate "2006.11.23"]
[SourceQuality "1"]

1. e4 e5 2. Nf3 Nc6 3. d4 exd4 4. Nxd4 Bc5 5. Be3 Qf6 6. c3 Nge7 7. g3 d5 8. Bg2 dxe4 9. 0-0 Bxd4 10. cxd4 Nf5 11. Nc3 Ncxd4 12. Nd5 Qe5 13. Nxc7+ Qxc7 14. Bxd4 Nxd4 15. Qxd4 0-0 16. Qxe4 Rb8 17. Rac1 Qb6 18. Qe5 Be6 19. a3 Rbc8 20. b4 Rfe8 21. Rfe1 Rxc1 22. Rxc1 Bd7 23. Qf4 h6 24. h4 Be6 25. Rc5 Qa6 26. Ra5 Qb6 27. Qe4 Re7 28. a4 a6 29. Rc5 Qd6 30. a5 Qd1+ 31. Kh2 Qg4 32. Qxg4 Bxg4 33. b5 axb5 34. Rxb5 Re2 35. Rxb7 Rxf2 36. Kg1 Ra2 37. Rb8+ Kh7 38. Ra8 Ra1+ 39. Kf2 Ra2+ 40. Kg1 Ra1+ 1/2-1/2

[Event "FRA-chT4 0102"]
[Site "Champagne Ardenne"]
[Date "2002.03.24"]
[Round "7"]
[White "Guilbaut, Bertrand"]
[Black "Meunier, Samuel"]
[Result "0-1"]
[WhiteElo "1860"]
[BlackElo "2008"]
[PlyCount "86"]
[EventDate "2002.10.??"]
[EventType "team-tourn"]
[EventRounds "7"]
[EventCountry "FRA"]
[SourceTitle "EXT 2005"]
[Source "ChessBase"]
[SourceDate "2004.11.15"]
[SourceVersion "1"]
[SourceVersionDate "2004.11.15"]
[SourceQuality "1"]

1. c4 Nf6 2. Nc3 g6 3. g3 Bg7 4. Bg2 0-0 5. Nf3 d6 6. 0-0 e5 7. d3 Nc6 8. Rb1 a5 9. a3 Nh5 10. Nd5 h6 11. b4 axb4 12. Nxb4 Ne7 13. Nd2 c6 14. Ne4 f5 15. Nd2 Be6 16. Qc2 Qd7 17. Nb3 f4 18. c5 d5 19. Bb2 Bh3 20. Nd2 Bxg2 21. Kxg2 Nf5 22. Nf3 Nd4 23. Nxd4 exd4 24. Qd2 Qe7 25. Nc2 Qxc5 26. Rfc1 Qa7 27. Qb4 c5 28. Qb3 Rad8 29. Ne1 fxg3 30. hxg3 b6 31. Nf3 Qc7 32. Rh1 Qd6 33. Bc1 Kh7 34. Qxb6 Qe7 35. Rb2 Rb8 36. Qxb8 Rxb8 37. Rxb8 Qxe2 38. Rc8 c4 39. dxc4 dxc4 40. Re1 Qc2 41. Rc7 d3 42. Nd4 Qc3 43. Be3 Qxe1 0-1

[Event "FRA-chT4 0102"]
[Site "Champagne Ardenne"]
[Date "2001.11.18"]
[Round "2"]
[White "Da Costa, Manuel"]
[Black "Meunier, Samuel"]
[Result "0-1"]
[WhiteElo "1720"]
[BlackElo "1830"]
[PlyCount "112"]
[EventDate "2002.10.??"]
[EventType "team-tourn"]
[EventRounds "7"]
[EventCountry "FRA"]
[SourceTitle "EXT 2005"]
[Source "ChessBase"]
[SourceDate "2004.11.15"]
[SourceVersion "1"]
[SourceVersionDate "2004.11.15"]
[SourceQuality "1"]

1. Nf3 c5 2. c4 g6 3. g3 Bg7 4. Bg2 Nf6 5. 0-0 0-0 6. Nc3 Nc6 7. d3 a6 8. Bf4 d6 9. Qc1 Re8 10. Bh6 Bh8 11. Rd1 Rb8 12. a4 Bd7 13. Bg5 b6 14. Bxf6 Bxf6 15. Rb1 Nb4 16. b3 Bg7 17. Qd2 e6 18. d4 Bc6 19. e3 Qf6 20. d5 exd5 21. cxd5 Bd7 22. Rdc1 Bf5 23. e4 Bxe4 24. Nxe4 Rxe4 25. Re1 Rbe8 26. Rxe4 Rxe4 27. Re1 Qe7 28. Rxe4 Qxe4 29. Nh4 Qb1+ 30. Bf1 Qxb3 31. Qg5 Nxd5 32. Bxa6 Nf6 33. Qf4 Qe6 34. Bb5 h6 35. Qd2 Ne4 36. Qe2 Bd4 37. Kg2 Kg7 38. Nf3 Nc3 39. Nxd4 cxd4 40. Qb2 Qd5+ 41. Kg1 Nxb5 42. axb5 Qc4 43. Qa3 Qc5 44. Qa1 Qc3 45. Qd1 d3 46. Kf1 d2 47. Ke2 Qc4+ 48. Kxd2 Qd4+ 49. Ke2 Qxd1+ 50. Kxd1 Kf6 51. Kd2 Ke5 52. Kc3 Kd5 53. Kb4 f5 54. f3 g5 55. g4 f4 56. h3 Kd4 0-1

[Event "Le Touquet op 16th"]
[Site "Le Touquet"]
[Date "2001.11.01"]
[Round "8"]
[White "Favre, Mathieu"]
[Black "Meunier, Samuel"]
[Result "1-0"]
[WhiteElo "2112"]
[BlackElo "1830"]
[PlyCount "43"]
[EventDate "2001.10.27"]
[EventType "swiss"]
[EventRounds "9"]
[EventCountry "FRA"]
[SourceTitle "EXT 2002"]
[Source "ChessBase"]
[SourceDate "2001.11.25"]
[SourceVersion "1"]
[SourceVersionDate "2001.11.25"]
[SourceQuality "1"]

1. e4 c5 2. Nf3 d6 3. Bb5+ Nd7 4. 0-0 a6 5. Bxd7+ Bxd7 6. d4 cxd4 7. Qxd4 e5 8. Qd3 Be7 9. Nc3 Nf6 10. Be3 0-0 11. Rad1 Re8 12. h3 b5 13. a3 Qc7 14. Bg5 Be6 15. Rfe1 Rad8 16. Bxf6 Bc4 17. Bxe7 Bxd3 18. Bxd8 Rxd8 19. Rxd3 g6 20. Red1 f5 21. exf5 gxf5 22. Nxe5 1-0